000 00561nam a2200193Ia 4500
003 OSt
005 20200818113016.0
008 190216s9999||||xx |||||||||||||| ||und||
020 _a9812530037
020 _a9788126511075
040 _coclc
082 _a541.0421
_bWES/S
100 _aWest, Anthony R
_94180
245 0 _aSolid State Chemistry And Its Applications /
_cAnthony R West
260 _bJohn Wiley & Sons,
_aNew York:
_c1998.
300 _a734p
650 _aChemistry
942 _cBK
_2ddc
_h541.0421
_iWES/S
_k541.0421
_mWES/S
999 _c3286
_d3286